English grammar lessons upper-immediate with answers
Đã lưu trong:
| Hovedforfatter: | |
|---|---|
| Format: | Bog |
| Sprog: | Undetermined |
| Udgivet: |
Oxford
Oxford Univ. Press
1995
|
| Fag: | |
| Tags: |
Tilføj Tag
Ingen Tags, Vær først til at tagge denne postø!
|
| Thư viện lưu trữ: | Trung tâm Học liệu Trường Đại học Cần Thơ |
|---|
| LEADER | 00581nam a2200193Ia 4500 | ||
|---|---|---|---|
| 001 | CTU_13522 | ||
| 008 | 210402s9999 xx 000 0 und d | ||
| 020 | |b 78.000đ | ||
| 082 | |a 425 | ||
| 082 | |b D282 | ||
| 100 | |a Michael Dean | ||
| 245 | 0 | |a English grammar lessons upper-immediate with answers | |
| 245 | 0 | |c Michael Dean | |
| 260 | |a Oxford | ||
| 260 | |b Oxford Univ. Press | ||
| 260 | |c 1995 | ||
| 650 | |a english grammar - problems, exercises, etc,english grammar - study and teaching | ||
| 904 | |i Minh, 961205 | ||
| 980 | |a Trung tâm Học liệu Trường Đại học Cần Thơ | ||